German-English science dictionary

Bibliographic Details
Main Author: De VRIES 1885-
Other Authors: Bolton, Jacolev
Format: Book
Published: New York : McGraw-Hill , 1978
Edition:4th ed.
Subjects:

MARC

LEADER 00000cam a2200000 7i4500
001 0000002357
005 20030530.0
020 0 0 |a 0070166021 
090 0 0 |a 500.03   |b DEV 1978 
100 1 0 |a De VRIES   |h Louis   |c 1885- 
245 1 0 |a German-English science dictionary   |c Louis De Vries ; updated and expanded by Leon Jacolev, with the assistance of Phyllis L. Bolton 
250 0 0 |a 4th ed. 
260 0 0 |a New York :   |b McGraw-Hill ,   |c 1978 
300 |a xxxviii, 628 p. ;   |c 21 cm. 
650 0 0 |a German language   |x Dictionaries   |x English 
650 0 0 |a Science   |x Dictionaries   |x German 
700 0 1 |a Bolton   |h Phyllis L. 
700 0 1 |a Jacolev   |h Leon 
998 |a JPSM 
999 |a 0000004169   |b Monograph   |c Open Shelf   |e Default branch